Statistics for Japan 2020 Olympic Soccer Squad

Click here to take the quiz!

General Stats

  • This quiz has been taken 9 times
  • The average score is 12 of 22

Answer Stats

HintPositionAnswer% Correct
1GKKeisuke Osako
83%
7MFTakefusa Kubo
83%
11MFKaoru Mitoma
67%
10MFRitsu Doan
67%
22GKZion Suzuki
67%
17MFAo Tanaka
50%
18FWAyase Ueda
50%
19FWDaichi Hayashi
50%
15DFDaiki Hashioka
50%
9FWDaizen Maeda
50%
2DFHiroki Sakai
50%
4DFKo Itakura
50%
8MFKoji Miyoshi
50%
20DFKoki Machida
50%
12GKKosei Tani
50%
5DFMaya Yoshida
50%
13DF/MFReo Hatate
50%
14DFTakehiro Tomiyasu
50%
6MFWataru Endo
50%
3DFYuta Nakayama
50%
21DFAyumu Seko
33%
16MFYuki Soma
17%

Score Distribution

Percentile by Number Answered

Percent of People with Each Score

Your Score History

You have not taken this quiz